Вып. 17; Физико-химическая механика и лиофильность дисперсных систем

Dettagli Bibliografici
Parent link:Физико-химическая механика и лиофильность дисперсных систем: республиканский межведомственный сборник научных трудов/ Академия наук Украинской ССР (АН УССР), Институт коллоидной химии и химии воды им. А. В. Думанского. Вып. 17.— , 1968-1990
Altri autori: Овчаренко Ф. Д. (редактор)
Lingua:russo
Pubblicazione: 1985
Soggetti:
Natura: MixedMaterials Libro
KOHA link:https://koha.lib.tpu.ru/cgi-bin/koha/opac-detail.pl?biblionumber=274475

MARC

LEADER 00000nam2a2200000 4500
001 274475
005 20231101234730.0
035 |a (RuTPU)RU\TPU\book\297685 
035 |a RU\TPU\book\287485 
090 |a 274475 
100 |a 20141105d1988 k y0rusy5003 ca 
101 0 |a rus 
102 |a UA 
105 |a a z 001zy 
200 0 |a Вып. 17  |f отв. ред. Ф. Д. Овчаренко 
210 |d 1985 
215 |a 105 с.  |c ил. 
320 |a Библиогр. в конце ст. 
461 1 |0 (RuTPU)RU\TPU\book\148918  |t Физико-химическая механика и лиофильность дисперсных систем  |o республиканский межведомственный сборник научных трудов  |f Академия наук Украинской ССР (АН УССР), Институт коллоидной химии и химии воды им. А. В. Думанского  |v Вып. 17  |d 1968-1990 
606 1 |a Дисперсные системы  |x Лиофильность  |2 stltpush  |3 (RuTPU)RU\TPU\subj\9639  |9 36839 
610 1 |a сборники 
610 1 |a природные системы 
610 1 |a микроорганизмы 
610 1 |a минеральные частицы 
610 1 |a диэлектрические свойства 
610 1 |a связанная вода 
610 1 |a каолинит 
610 1 |a физико-химические свойства 
610 1 |a материаловедение 
610 1 |a обменные ионы 
610 1 |a гуминовые вещества 
610 1 |a ионофорез 
610 1 |a коллоиды 
610 1 |a сорбенты 
610 1 |a морская вода 
610 1 |a золото 
675 |a 544.722  |v 4 
702 1 |a Овчаренко  |b Ф. Д.  |4 340 
801 0 |a RU  |b 63413507  |c 19950704  |g psbo 
801 1 |a RU  |b 63413507  |c 20090209  |g PSBO 
801 2 |a RU  |b 63413507  |c 20170120  |g PSBO 
942 |c BK